[Event "World Youth Open U18 2016"]
[Site "Khanty-Mansiysk RUS"]
[Date "2016.09.30"]
[Round "8.23"]
[White "Vergara Jofre, Felipe"]
[Black "Krishna Teja, N"]
[Result "1-0"]
[BlackTitle "IM"]
[WhiteElo "2115"]
[BlackElo "2268"]
[WhiteFideId "3416291"]
[BlackFideId "5001498"]
[EventDate "2016.09.22"]

1. e4 c5 2. Nf3 e6 3. d4 cxd4 4. Nxd4 a6 5. Nc3 Qc7 6. Be2 b5 7. O-O Bb7 8. Bf3
Nc6 9. Re1 Ne5 10. Bf4 d6 11. a4 b4 12. Na2 Nxf3+ 13. Nxf3 Nf6 14. Qd3 a5 15. c3
Ba6 16. Qd2 bxc3 17. Nxc3 Be7 18. Rad1 Rd8 19. Nd4 e5 20. Ndb5 Bxb5 21. Nxb5 Qc4
22. Bxe5 Nxe4 23. Qd4 Qxd4 24. Bxd4 Ng5 25. Bb6 Rb8 26. Bc7 Rxb5 27. axb5 Kd7
28. Bxa5 Ne6 29. Rd5 Nc5 30. Bb4 Nb7 31. Rc1 Ra8 32. g3 Ra4 33. Ba3 Re4 34. Kg2
g6 35. Rc6 Ra4 36. Ra6 Rc4 37. Rd3 Rc8 38. Ra7 Rb8 39. Bc5 Kc7 40. Bd4 Kd7 41.
Bb6 Bf6 42. Rf3 1-0

[Event "World Youth Open U18 2016"]
[Site "Khanty-Mansiysk RUS"]
[Date "2016.09.30"]
[Round "8.24"]
[White "Yang, Ching Wei Austin"]
[Black "Barp, Alberto"]
[Result "1-0"]
[WhiteTitle "FM"]
[BlackTitle "FM"]
[WhiteElo "1997"]
[BlackElo "2244"]
[WhiteFideId "16300440"]
[BlackFideId "872555"]
[EventDate "2016.09.22"]

1. e4 c5 2. Nf3 a6 3. c3 e6 4. d4 d5 5. exd5 exd5 6. Be2 h6 7. O-O Nf6 8. Re1
Be6 9. Nbd2 c4 10. b3 b5 11. Ne5 Nbd7 12. Bf3 Nxe5 13. dxe5 Nd7 14. a4 Rb8 15.
axb5 axb5 16. b4 Nb6 17. Bg4 Qd7 18. Bxe6 fxe6 19. Qg4 Na4 20. Re3 h5 21. Qg6+
Qf7 22. Qxf7+ Kxf7 23. Nf3 Be7 24. Nd4 Rb6 25. Nxb5 Ra8 26. Nc7 Ra7 27. Rf3+ Kg8
28. Be3 Rxc7 29. Rxa4 Rb8 30. Ra6 Bc5 31. Bxc5 Rxc5 32. h4 Rc7 33. Rxe6 d4 34.
Rd6 dxc3 35. Rxc3 Rxb4 36. f4 Rb3 37. Rc2 c3 38. Kf2 Rc4 39. Ke3 Rb2 40. Rxb2
cxb2 41. Rb6 Rc2 42. g3 Rc3+ 43. Ke4 Rxg3 44. Rxb2 Rh3 45. Rb8+ Kf7 46. f5 Rxh4+
47. Kd5 Ra4 48. Rb7+ Kf8 49. Kd6 h4 50. Rb8+ Kf7 51. e6+ Kf6 52. Rf8+ Kg5 53. e7
Ra6+ 54. Kd5 Ra5+ 55. Ke6 1-0

[Event "World Youth Open U18 2016"]
[Site "Khanty-Mansiysk RUS"]
[Date "2016.09.30"]
[Round "8.25"]
[White "Krykun, Yuriy"]
[Black "Oner, Oguz"]
[Result "0-1"]
[WhiteTitle "FM"]
[WhiteElo "2242"]
[BlackElo "1962"]
[WhiteFideId "14140667"]
[BlackFideId "6329330"]
[EventDate "2016.09.22"]

1. e4 e5 2. Nf3 Nc6 3. Bb5 a6 4. Ba4 Nf6 5. O-O Be7 6. Bxc6 dxc6 7. d3 Nd7 8. b3
O-O 9. Bb2 f6 10. Nbd2 Re8 11. d4 exd4 12. Nxd4 Nb8 13. Nc4 c5 14. Ne2 Qxd1 15.
Rfxd1 Nc6 16. Nf4 b5 17. Nd2 Bd6 18. Nd5 Be6 19. f3 Nd4 20. c3 Ne2+ 21. Kf2 Bxd5
22. exd5 Nf4 23. Ne4 f5 24. Nxd6 Re2+ 25. Kf1 Rxb2 26. Nxf5 Rxg2 27. d6 cxd6 28.
Ne7+ Kf7 29. Nd5 Nxd5 30. Kxg2 Ne3+ 31. Kf2 Nxd1+ 32. Rxd1 Ke7 33. f4 Rf8 34.
Kg3 Kd7 35. Kg4 Re8 36. Kf3 Kc6 37. h4 d5 38. h5 a5 39. a3 Re7 40. b4 d4 41.
cxd4 cxb4 42. axb4 a4 43. f5 Kd5 44. Kf4 Ra7 45. Kg5 Ra6 46. Kf4 a3 47. Ke3 a2
48. Ra1 Ra3+ 49. Kd2 Rh3 50. Kc1 Rh1+ 51. Kb2 Rxa1 52. Kxa1 h6 53. Kxa2 Kxd4 54.
Kb3 Kd3 55. Ka2 Kc2 56. Ka3 Kc3 0-1

[Event "World Youth Open U18 2016"]
[Site "Khanty-Mansiysk RUS"]
[Date "2016.09.30"]
[Round "8.26"]
[White "Petrovskis, Olegs"]
[Black "Patrascu, Catalin-Lucian"]
[Result "1/2-1/2"]
[BlackTitle "FM"]
[WhiteElo "2159"]
[BlackElo "2263"]
[WhiteFideId "11603186"]
[BlackFideId "1229052"]
[EventDate "2016.09.22"]

1. d4 d5 2. c4 dxc4 3. e4 e5 4. Nf3 exd4 5. Bxc4 Nc6 6. Qb3 Bb4+ 7. Nbd2 Qe7 8.
O-O Be6 9. a3 Bxd2 10. Bxd2 O-O-O 11. Rac1 Nf6 12. Rfe1 Nd7 13. Bxe6 Qxe6 14.
Qd3 h6 15. Bf4 g5 16. Nxd4 Nde5 17. Nxe6 Nxd3 18. Nxd8 Rxd8 19. Be3 Nxe1 20.
Rxe1 Nd4 21. Bxd4 Rxd4 22. Kf1 Kd7 23. f3 Rd2 24. Re2 Rd1+ 25. Kf2 Ke6 26. Ke3
Rb1 27. g3 c6 28. Rd2 f6 29. f4 Re1+ 30. Kd4 b6 31. Kd3 Rf1 32. Ke2 Rb1 1/2-1/2

[Event "World Youth Open U18 2016"]
[Site "Khanty-Mansiysk RUS"]
[Date "2016.09.30"]
[Round "8.27"]
[White "Kenenbaev, Aidar"]
[Black "Ding, Tze How Dilwen"]
[Result "0-1"]
[BlackTitle "FM"]
[WhiteElo "2143"]
[BlackElo "2397"]
[WhiteFideId "13801180"]
[BlackFideId "5707641"]
[EventDate "2016.09.22"]

1. e4 c5 2. Nf3 e6 3. d4 cxd4 4. Nxd4 Nc6 5. Nc3 a6 6. Nxc6 bxc6 7. Bd3 d5 8.
O-O Nf6 9. Qe2 Be7 10. b3 O-O 11. Bb2 Bb7 12. e5 Nd7 13. Na4 Nb6 14. Nxb6 Qxb6
15. c4 a5 16. Rac1 g6 17. Bb1 Ba6 18. Rc3 Rfb8 19. Rh3 dxc4 20. Qd2 Bf8 21. Rc1
a4 22. Qf4 Qd8 23. Bc2 Ra7 24. Rd1 Rd7 25. Rxd7 Qxd7 26. Qh4 h6 27. Bc1 Rd8 28.
Qg4 Qd4 29. Qxd4 Rxd4 30. bxa4 h5 31. Be3 Rd5 32. f4 Ba3 33. Kf2 c3 34. Ke1 Bc4
35. Be4 Rd8 36. Bb6 Bb4 37. Kf2 Rd2+ 38. Kg3 c2 39. Bxc2 Rxc2 40. Bd8 Bd5 41.
Kh4 Rxa2 42. g4 hxg4 43. Rd3 Rxh2+ 44. Kxg4 Rg2+ 45. Kh3 Ra2 46. Rd1 Rxa4 47.
Bf6 Ra3+ 48. Kh4 Kf8 49. Rb1 c5 50. Rb2 Ke8 51. Kg5 Rh3 0-1

[Event "World Youth Open U18 2016"]
[Site "Khanty-Mansiysk RUS"]
[Date "2016.09.30"]
[Round "8.29"]
[White "Ramacker, Quinten"]
[Black "Roos, Lucas"]
[Result "1-0"]
[WhiteElo "1947"]
[BlackElo "1830"]
[WhiteFideId "210404"]
[BlackFideId "14308673"]
[EventDate "2016.09.22"]

1. e4 g6 2. d4 Bg7 3. c4 d6 4. Nc3 Nf6 5. f3 O-O 6. g4 c5 7. d5 e6 8. Bg5 exd5
9. Nxd5 Qa5+ 10. Bd2 Qd8 11. Bg5 Qa5+ 12. Bd2 Qd8 13. Bg5 Nc6 14. Qd2 Nd4 15.
Kf2 Bxg4 16. Bxf6 Bxf6 17. fxg4 Bh4+ 18. Kg2 f5 19. exf5 gxf5 20. g5 Bxg5 21.
Qc3 f4 22. Nf3 Qd7 23. Rg1 Bh4 24. Kh1+ Bg3 25. Nxd4 cxd4 26. Qf3 Kh8 27. Nxf4
Rxf4 28. Qxg3 Qf5 29. Bg2 Rg8 30. Qb3 1-0

[Event "World Youth Open U18 2016"]
[Site "Khanty-Mansiysk RUS"]
[Date "2016.09.30"]
[Round "8.30"]
[White "Helander, Benjamin"]
[Black "Maltezeanu, Stefan"]
[Result "1/2-1/2"]
[WhiteElo "1892"]
[BlackElo "1734"]
[WhiteFideId "514101"]
[BlackFideId "4004655"]
[EventDate "2016.09.22"]

1. e4 e5 2. Bc4 Nc6 3. Nf3 Nf6 4. Nc3 Bc5 5. O-O O-O 6. Re1 d6 7. h3 a6 8. d3 h6
9. a3 b5 10. Ba2 Be6 11. Ne2 Bxa2 12. Rxa2 d5 13. exd5 Qxd5 14. Ra1 Rfe8 15. Nc3
Qd6 16. Be3 Bxe3 17. Rxe3 Nd5 18. Nxd5 Qxd5 19. Qd2 Nd4 20. Nxd4 exd4 21. Re2 c5
22. Rae1 Rxe2 23. Qxe2 a5 1/2-1/2

[Event "World Youth Open U18 2016"]
[Site "Khanty-Mansiysk RUS"]
[Date "2016.09.30"]
[Round "8.31"]
[White "Weerasinghe, C C"]
[Black "Yoshida, Haruki"]
[Result "1/2-1/2"]
[WhiteElo "1884"]
[BlackElo "1750"]
[WhiteFideId "9921087"]
[BlackFideId "7002076"]
[EventDate "2016.09.22"]

1. c4 Nf6 2. g3 e6 3. Bg2 d5 4. d4 Bb4+ 5. Bd2 Qe7 6. Nf3 O-O 7. O-O Bxd2 8.
Nbxd2 b6 9. cxd5 exd5 10. Rc1 Bb7 11. e3 Na6 12. Nb3 Rac8 13. Bh3 Rcd8 14. Qc2
Ne4 15. Nfd2 f5 16. f3 Nd6 17. Qc3 Nb5 18. Qd3 Nd6 19. Qc3 Nb5 1/2-1/2

[Event "World Youth Open U18 2016"]
[Site "Khanty-Mansiysk RUS"]
[Date "2016.09.30"]
[Round "8.32"]
[White "Noguchi, Takaya"]
[Black "Shih, Yu-An"]
[Result "0-1"]
[WhiteElo "1491"]
[BlackElo "1493"]
[WhiteFideId "7002270"]
[BlackFideId "16300645"]
[EventDate "2016.09.22"]

1. e4 e5 2. Nf3 Nc6 3. Bc4 Bc5 4. c3 Nf6 5. d3 d6 6. O-O O-O 7. Nbd2 a6 8. Bb3
Bg4 9. Re1 Ne7 10. Nf1 Ng6 11. h3 Be6 12. Bxe6 fxe6 13. b4 Bb6 14. a4 a5 15. Qb3
Qd7 16. N1d2 Nf4 17. Qc2 Qc6 18. Nc4 axb4 19. cxb4 Ba7 20. Qb3 Qe8 21. Na5 N6h5
22. Nh4 Nxh3+ 23. gxh3 Bxf2+ 24. Kg2 Bxh4 25. Rf1 Qg6+ 0-1

[Event "World Youth Open U18 2016"]
[Site "Khanty-Mansiysk RUS"]
[Date "2016.10.01"]
[Round "9.1"]
[White "Kollars, Dmitrij"]
[Black "Vavulin, Maksim"]
[Result "1/2-1/2"]
[WhiteTitle "IM"]
[BlackTitle "IM"]
[WhiteElo "2491"]
[BlackElo "2582"]
[WhiteFideId "12909572"]
[BlackFideId "4169530"]
[EventDate "2016.09.22"]

1. e4 g6 2. d4 Bg7 3. Nc3 d6 4. f4 a6 5. Nf3 b5 6. Bd3 Bb7 7. e5 Nd7 8. O-O c5
9. Be4 Bxe4 10. Nxe4 cxd4 11. exd6 Qb6 12. Re1 e6 13. a4 Rc8 14. Qd3 Ngf6 15.
Ne5 Nd5 16. Nxd7 Kxd7 17. Bd2 h6 18. b4 Rc4 19. axb5 axb5 20. Ra5 Nc3 21. Rea1
Nxe4 22. Ra7+ Kxd6 23. R1a6 Qxa6 24. Rxa6+ Kd5 25. Rb6 Nxd2 26. Qxd2 Rhc8 27.
Rxb5+ Kd6 28. Rc5 R8xc5 29. bxc5+ Rxc5 30. Qb4 Bf6 31. Qb8+ Rc7 32. Kf1 h5 33.
Ke1 Kd7 34. Kd1 Rc8 35. Qb7+ Rc7 36. Qb8 Rc8 37. Qb7+ Rc7 38. Qb8 1/2-1/2

[Event "World Youth Open U18 2016"]
[Site "Khanty-Mansiysk RUS"]
[Date "2016.10.01"]
[Round "9.2"]
[White "Petrosyan, Manuel"]
[Black "Bellahcene, Bilel"]
[Result "1-0"]
[WhiteTitle "IM"]
[BlackTitle "IM"]
[WhiteElo "2530"]
[BlackElo "2483"]
[WhiteFideId "13300857"]
[BlackFideId "696358"]
[EventDate "2016.09.22"]

1. d4 Nf6 2. Nf3 e6 3. c4 Bb4+ 4. Nbd2 b6 5. a3 Bxd2+ 6. Qxd2 Bb7 7. e3 Qe7 8.
b3 d6 9. Bb2 Nbd7 10. Be2 O-O 11. O-O Ne4 12. Qc2 f5 13. d5 e5 14. Nd2 Nxd2 15.
Qxd2 Rf6 16. f4 Raf8 17. Bd3 Qf7 18. Rf2 c6 19. dxc6 Bxc6 20. Raf1 Qe6 21. Qc2
g6 22. b4 R6f7 23. e4 fxe4 24. Bxe4 Bxe4 25. Qxe4 Rc8 26. fxe5 Rxf2 27. Rxf2
Nxe5 28. Rc2 Rf8 29. c5 bxc5 30. bxc5 Qf7 31. h3 Qf1+ 32. Kh2 Qd3 33. Qxd3 Nxd3
34. cxd6 Rd8 35. Bd4 Rxd6 36. Bxa7 Ra6 37. Rc3 Ne5 38. Bd4 Nc6 39. Bc5 Kf7 40.
Rb3 Ra5 41. Rb7+ Ke6 42. Bb4 Ra4 43. Kg3 h5 44. Kf4 Nxb4 45. axb4 Ra2 46. g4 Rh2
47. Rb6+ Kf7 48. Kg3 Rb2 49. gxh5 gxh5 50. h4 Rb1 51. Kf4 Rg1 52. Ke5 Rg4 53.
Rf6+ Ke7 54. Rf4 Rg1 55. Kd5 Kd7 56. Kc5 Rc1+ 57. Kb6 Rg1 58. Rd4+ Ke6 59. Kc5
Rc1+ 60. Rc4 1-0

[Event "World Youth Open U18 2016"]
[Site "Khanty-Mansiysk RUS"]
[Date "2016.10.01"]
[Round "9.3"]
[White "Lorparizangeneh, Shahin"]
[Black "Urazayev, Arystanbek"]
[Result "1-0"]
[WhiteTitle "IM"]
[BlackTitle "CM"]
[WhiteElo "2478"]
[BlackElo "2377"]
[WhiteFideId "12521604"]
[BlackFideId "13709810"]
[EventDate "2016.09.22"]

1. d4 Nf6 2. c4 e6 3. g3 Bb4+ 4. Bd2 Qe7 5. Bg2 Nc6 6. e3 e5 7. d5 Bxd2+ 8. Qxd2
Nb8 9. Nc3 d6 10. Nge2 O-O 11. O-O a5 12. Nb5 b6 13. e4 Na6 14. Nec3 Bd7 15. Na3
Nc5 16. Rae1 Rab8 17. f4 h6 18. b3 Nh7 19. Nab5 Rbc8 20. Qc2 Rfe8 21. a3 Nf8 22.
b4 Na6 23. Qb2 exf4 24. gxf4 Qh4 25. Re3 Ng6 26. Ne2 f5 27. Rg3 Kh7 28. exf5
Bxf5 29. Ned4 Qf6 30. Qd2 Nh4 31. Bh3 Bxh3 32. Rxh3 Qg6+ 33. Rg3 Qe4 34. f5 Re7
35. Nc3 Qe5 36. Nc6 Qf6 37. Nxe7 Qxe7 38. Qd4 axb4 39. axb4 Rf8 40. f6 Rxf6 41.
Rxf6 Qxf6 42. Qxf6 gxf6 43. Ne4 Ng6 44. Ra3 1-0

[Event "World Youth Open U18 2016"]
[Site "Khanty-Mansiysk RUS"]
[Date "2016.10.01"]
[Round "9.4"]
[White "Hakobyan, Aram"]
[Black "Sanal, Vahap"]
[Result "0-1"]
[WhiteTitle "FM"]
[BlackTitle "IM"]
[WhiteElo "2417"]
[BlackElo "2477"]
[WhiteFideId "13306677"]
[BlackFideId "6300545"]
[EventDate "2016.09.22"]

1. d4 Nf6 2. Bg5 e6 3. e4 h6 4. Bxf6 Qxf6 5. c3 d6 6. Bd3 e5 7. Ne2 Nc6 8. O-O
g5 9. Na3 a6 10. Nc2 h5 11. Ne3 h4 12. Nd5 Qd8 13. b4 Bg7 14. dxe5 Nxe5 15. Nd4
g4 16. Be2 Bh6 17. f4 gxf3 18. Nxf3 c6 19. Nxe5 dxe5 20. Bh5 O-O 21. Nf6+ Kg7
22. Qe1 Bf4 23. Rxf4 exf4 24. e5 Qb6+ 25. Kf1 Rh8 26. Qe4 Qe3 27. Qxe3 fxe3 28.
Ke2 a5 29. a4 Be6 30. Bf3 Rhd8 31. Kxe3 Bb3 32. Ne4 axb4 33. cxb4 Rxa4 34. Rxa4
Bxa4 35. Nc5 Bb5 36. Nxb7 Rd3+ 37. Kf2 Kf8 38. Na5 Rc3 39. Ke1 Ra3 40. Kd2 c5
41. Bc6 0-1

[Event "World Youth Open U18 2016"]
[Site "Khanty-Mansiysk RUS"]
[Date "2016.10.01"]
[Round "9.5"]
[White "Marek, Matyas"]
[Black "Rakotomaharo, Fy Antenaina"]
[Result "0-1"]
[WhiteTitle "FM"]
[BlackTitle "FM"]
[WhiteElo "2381"]
[BlackElo "2439"]
[WhiteFideId "335398"]
[BlackFideId "13100050"]
[EventDate "2016.09.22"]

1. e4 e5 2. Nf3 Nc6 3. Bc4 Bc5 4. O-O Nf6 5. d3 O-O 6. Bg5 h6 7. Bh4 Be7 8. c3
d6 9. Nbd2 a6 10. a4 Be6 11. Bxe6 fxe6 12. d4 exd4 13. cxd4 Qd7 14. a5 d5 15. e5
Ne4 16. Bxe7 Nxe7 17. Re1 Rf4 18. g3 Rf7 19. Nxe4 dxe4 20. Rxe4 Qd5 21. Nd2 Nc6
22. Qb3 Rd8 23. Qxd5 Rxd5 24. Nb3 0-1

[Event "World Youth Open U18 2016"]
[Site "Khanty-Mansiysk RUS"]
[Date "2016.10.01"]
[Round "9.6"]
[White "Dragnev, Valentin"]
[Black "Mousavi, Seyed Khalil"]
[Result "1-0"]
[WhiteTitle "IM"]
[BlackTitle "IM"]
[WhiteElo "2430"]
[BlackElo "2412"]
[WhiteFideId "1634852"]
[BlackFideId "12511099"]
[EventDate "2016.09.22"]

1. Nf3 Nf6 2. g3 b5 3. Bg2 Bb7 4. O-O g6 5. d4 Bg7 6. Na3 a6 7. c4 b4 8. Nc2 a5
9. d5 e6 10. Re1 exd5 11. cxd5 O-O 12. e4 d6 13. Nfd4 Re8 14. Bg5 h6 15. Bf4
Nbd7 16. f3 Nc5 17. Qd2 Kh7 18. Bf1 Ncd7 19. Bg2 1-0

[Event "World Youth Open U18 2016"]
[Site "Khanty-Mansiysk RUS"]
[Date "2016.10.01"]
[Round "9.7"]
[White "Song, Michael"]
[Black "Huber, Martin Christian"]
[Result "1-0"]
[WhiteTitle "FM"]
[BlackTitle "FM"]
[WhiteElo "2413"]
[BlackElo "2356"]
[WhiteFideId "2613190"]
[BlackFideId "1623435"]
[EventDate "2016.09.22"]

1. d4 d5 2. Nf3 Nf6 3. e3 c6 4. Nbd2 Bf5 5. Be2 h6 6. O-O e6 7. b3 Nbd7 8. Bb2
Be7 9. a4 a5 10. Ne1 O-O 11. Bd3 Bxd3 12. Nxd3 Ne8 13. Qe2 Nd6 14. f3 b5 15. Ne5
Qc7 16. c4 bxc4 17. Nxd7 Qxd7 18. bxc4 Rfb8 19. Bc3 Nxc4 20. Nxc4 dxc4 21. Qxc4
Qd5 22. Qd3 c5 23. e4 Qd6 24. d5 exd5 25. Qxd5 Qxd5 26. exd5 Rb3 27. Rac1 Rd8
28. Rfd1 1-0

[Event "World Youth Open U18 2016"]
[Site "Khanty-Mansiysk RUS"]
[Date "2016.10.01"]
[Round "9.8"]
[White "Toma, Radu-Cristian"]
[Black "Wu, Christopher"]
[Result "1-0"]
[BlackTitle "FM"]
[WhiteElo "2343"]
[BlackElo "2377"]
[WhiteFideId "1217992"]
[BlackFideId "2040875"]
[EventDate "2016.09.22"]

1. d4 d6 2. Nf3 Bg4 3. Nbd2 Nd7 4. h3 Bh5 5. g4 Bg6 6. Nh4 e6 7. Nxg6 hxg6 8. c4
c6 9. Qb3 Qc7 10. Bg2 d5 11. e4 dxe4 12. Nxe4 Ngf6 13. Nxf6+ Nxf6 14. Be3 Bd6
15. O-O-O O-O 16. Bf3 a5 17. h4 a4 18. Qc2 Ra5 19. Qd2 Rd8 20. Kb1 b5 21. c5
Bxc5 22. Qc2 Be7 23. h5 g5 24. Bxg5 b4 25. Bd2 Rxd4 26. g5 Nd5 27. g6 f5 28. h6
b3 29. axb3 axb3 30. Qxb3 Rb5 31. Bxd5 exd5 32. h7+ Kh8 33. Qc2 Rc4 34. Bc3 Bf6
35. Rde1 Rb8 36. Qe2 Re4 37. Qd3 d4 38. Bd2 Qb7 39. Bc1 c5 40. f3 c4 41. Qxc4 d3
42. fxe4 Bxb2 43. Qg8+ Rxg8 44. hxg8=Q+ Kxg8 45. Bxb2 fxe4 46. Ref1 Qc8 47. Rh2
e3 48. Rh7 Qd7 49. Rh8+ 1-0

[Event "World Youth Open U18 2016"]
[Site "Khanty-Mansiysk RUS"]
[Date "2016.10.01"]
[Round "9.9"]
[White "Zakaryan, David"]
[Black "Kalogeris, Ioannis"]
[Result "1/2-1/2"]
[WhiteTitle "FM"]
[WhiteElo "2377"]
[BlackElo "2271"]
[WhiteFideId "24101923"]
[BlackFideId "4239563"]
[EventDate "2016.09.22"]

1. e4 d6 2. d4 g6 3. Nc3 Bg7 4. Be3 Nf6 5. f3 O-O 6. Qd2 Nc6 7. O-O-O a6 8. h4
h5 9. Be2 e5 10. d5 Nd4 11. Nh3 Nxe2+ 12. Qxe2 b5 13. Rdg1 Bd7 14. Bg5 Qc8 15.
Nf2 Nh7 16. g4 Nxg5 17. hxg5 h4 18. Rxh4 b4 19. Ncd1 a5 20. Ne3 Qd8 21. Nh3 f6
22. Nf2 fxg5 23. Rh3 Rf4 24. Rgh1 Qf6 25. Ng2 a4 26. Nxf4 exf4 27. e5 Qxe5 28.
Qxe5 Bxe5 29. Rh7 Bb5 30. Ne4 Bc4 31. Kb1 Bxd5 32. Nxg5 Bg7 33. Rd1 c6 34. Rhh1
b3 35. axb3 axb3 36. cxb3 Rb8 37. Rd3 Rxb3 38. Rxb3 Bxb3 39. Rc1 c5 40. Ne4 Be5
41. Nd2 Bd5 42. Kc2 Kf7 43. b3 Bc6 44. Re1 Kf6 45. Kd3 d5 46. Nb1 c4+ 47. bxc4
dxc4+ 48. Ke2 Bb2 49. Nd2 c3 50. Nb3 Ba4 51. Nc5 Bc6 52. g5+ Kf5 53. Nb3 c2 1/2-1/2

[Event "World Youth Open U18 2016"]
[Site "Khanty-Mansiysk RUS"]
[Date "2016.10.01"]
[Round "9.10"]
[White "Vogel, Roven"]
[Black "Timerkhanov, Alexander"]
[Result "1-0"]
[WhiteTitle "IM"]
[BlackTitle "FM"]
[WhiteElo "2415"]
[BlackElo "2340"]
[WhiteFideId "12908088"]
[BlackFideId "24177938"]
[EventDate "2016.09.22"]

1. Nf3 d5 2. d4 Nf6 3. c4 dxc4 4. e3 Be6 5. Na3 c6 6. Nxc4 g6 7. Be2 Bg7 8. O-O
O-O 9. b4 Ne4 10. Bb2 Nd6 11. Nfd2 Nd7 12. Qc2 Bxc4 13. Nxc4 Nxc4 14. Bxc4 e6
15. Be2 Qh4 16. Rfd1 Rac8 17. Qb3 Rfd8 18. Rac1 a6 19. Rc2 Nf6 20. Bf3 g5 21. g3
Qh6 22. Rdc1 g4 23. Bg2 Qg6 24. a4 Ne4 25. b5 cxb5 26. Rxc8 Rxc8 27. axb5 Qf5
28. Bxe4 Qxe4 29. bxa6 bxa6 30. d5 Bxb2 31. Qxb2 exd5 1-0

[Event "World Youth Open U18 2016"]
[Site "Khanty-Mansiysk RUS"]
[Date "2016.10.01"]
[Round "9.11"]
[White "Jarmula, Lukasz"]
[Black "Vaishali, R"]
[Result "1-0"]
[WhiteTitle "IM"]
[BlackTitle "WIM"]
[WhiteElo "2466"]
[BlackElo "2295"]
[WhiteFideId "1160664"]
[BlackFideId "5091756"]
[EventDate "2016.09.22"]

1. e4 c5 2. Nf3 d6 3. d4 cxd4 4. Nxd4 Nf6 5. Nc3 a6 6. Be3 e5 7. Nf3 Be7 8. Bc4
O-O 9. O-O Nc6 10. Bg5 Be6 11. Bb3 Nd7 12. Be3 Na5 13. Bxe6 fxe6 14. a4 Rc8 15.
Qe2 Qe8 16. Rad1 Qg6 17. Bc1 Rxc3 18. bxc3 Nc5 19. Nd2 Nxa4 20. Nb1 b5 21. Rfe1
Bh4 22. Rf1 Nc4 23. f4 exf4 24. Bxf4 Rd8 25. Rd3 Nc5 26. Rh3 Bf6 27. Re1 Na4 28.
Kh1 Rf8 29. Rg3 Qe8 30. Rf1 a5 31. Rgf3 Qh5 32. Qe1 Qc5 33. Qg3 Ne5 34. Bh6 1-0

[Event "World Youth Open U18 2016"]
[Site "Khanty-Mansiysk RUS"]
[Date "2016.10.01"]
[Round "9.12"]
[White "Plenca, Jadranko"]
[Black "Christiansen, Johan-Sebastian"]
[Result "1-0"]
[WhiteTitle "FM"]
[BlackTitle "IM"]
[WhiteElo "2396"]
[BlackElo "2413"]
[WhiteFideId "14527146"]
[BlackFideId "1512668"]
[EventDate "2016.09.22"]

1. e4 e6 2. d4 d5 3. Nd2 c5 4. exd5 Qxd5 5. Ngf3 cxd4 6. Bc4 Qd6 7. O-O Nf6 8.
Nb3 Nc6 9. Nbxd4 Nxd4 10. Nxd4 Be7 11. c3 O-O 12. Qf3 Qc7 13. Bb3 a5 14. a4 Bd7
15. Re1 Bc6 16. Qh3 Rfe8 17. Bc2 Rad8 18. Bg5 g6 19. Rad1 Nd5 20. Nxc6 bxc6 21.
Bc1 Bf6 22. Qf3 Qe7 23. Be4 Rf8 24. Qg4 Bg7 25. Bf3 Qb7 26. Qe4 Qb3 27. h4 e5
28. h5 f5 29. Qh4 e4 30. Be2 Qxa4 31. Qg3 f4 32. Qg4 Rde8 33. hxg6 h6 34. Qh4 e3
35. Bf3 exf2+ 36. Qxf2 Ne3 37. Rd6 Qb3 38. Rxc6 Qb8 1-0

[Event "World Youth Open U18 2016"]
[Site "Khanty-Mansiysk RUS"]
[Date "2016.10.01"]
[Round "9.13"]
[White "Nguyen, Hoang Duc"]
[Black "Rahman, Adel"]
[Result "0-1"]
[BlackTitle "FM"]
[WhiteElo "1874"]
[BlackElo "2324"]
[WhiteFideId "12403865"]
[BlackFideId "14204177"]
[EventDate "2016.09.22"]

1. e4 c5 2. Nf3 d6 3. c3 Nf6 4. Be2 g6 5. O-O Bg7 6. Re1 O-O 7. Bf1 Nc6 8. h3 e5
9. Na3 Re8 10. d3 h6 11. Be3 b6 12. b4 cxb4 13. cxb4 d5 14. Qc1 Nxb4 15. Bxh6
Bb7 16. Bxg7 Kxg7 17. Qb2 Nc6 18. exd5 Qxd5 19. Nc4 Nd7 20. a4 f6 21. a5 Nxa5
22. Nxa5 bxa5 23. Qd2 Qd6 24. Rxa5 Bxf3 25. gxf3 Rec8 26. Rea1 a6 27. Bg2 Nc5
28. R1a3 Rab8 29. Qe3 Rb1+ 30. Bf1 Qd7 31. f4 exf4 32. Qf3 Ne6 33. Ra1 Rcc1 34.
Rxb1 Rxb1 35. Qe2 Nd4 36. Qa2 Qxh3 0-1

[Event "World Youth Open U18 2016"]
[Site "Khanty-Mansiysk RUS"]
[Date "2016.10.01"]
[Round "9.14"]
[White "Saiyn, Zhanat"]
[Black "Rajkovic, Mladen"]
[Result "1/2-1/2"]
[WhiteTitle "IM"]
[WhiteElo "2405"]
[BlackElo "2275"]
[WhiteFideId "13703820"]
[BlackFideId "930660"]
[EventDate "2016.09.22"]

1. d4 Nf6 2. c4 g6 3. Nc3 d5 4. cxd5 Nxd5 5. g3 Bg7 6. Bg2 Nb6 7. Nf3 c5 8. dxc5
Qxd1+ 9. Kxd1 Nc4 10. Nd2 Na5 11. f4 Nac6 12. Nb3 Na6 13. Be3 Be6 14. Bxc6+ bxc6
15. Kc1 O-O-O 16. Nd2 Rd7 17. Nf3 Rhd8 18. Ne5 Bxe5 19. fxe5 Nb4 1/2-1/2

[Event "World Youth Open U18 2016"]
[Site "Khanty-Mansiysk RUS"]
[Date "2016.10.01"]
[Round "9.15"]
[White "Kolver, Chris"]
[Black "Khodashenas, Mersad"]
[Result "1/2-1/2"]
[WhiteTitle "CM"]
[WhiteElo "1991"]
[BlackElo "2394"]
[WhiteFideId "14307820"]
[BlackFideId "12514195"]
[EventDate "2016.09.22"]

1. d4 Nf6 2. c4 e6 3. Nc3 Bb4 4. f3 c5 5. a3 Bxc3+ 6. bxc3 d6 7. e4 Nc6 8. Be3
b6 9. Bd3 O-O 10. Ne2 Ba6 11. Ng3 Rc8 12. d5 Ne5 13. Bf4 Nxd3+ 14. Qxd3 exd5 15.
exd5 Qe8+ 16. Kf2 Qa4 17. Nf5 Bxc4 18. Qd2 Nxd5 19. Bxd6 Rfe8 20. Qg5 Qc2+ 21.
Kg3 g6 22. Nh6+ Kg7 23. Rac1 f6 24. Qxd5 Bxd5 25. Rxc2 Kxh6 26. Rd2 Bc4 27. h4
Kg7 28. Bf4 Re7 29. Rhd1 Bb5 30. Rd8 Rxd8 31. Rxd8 Kf7 32. Ra8 Ke6 1/2-1/2